[Event "Asian Continental-ch Women 2019"]
[Site "XingTai"]
[Date "2019.06.08"]
[Round "2.24"]
[White "Vo, Thi Kim Phung"]
[Black "Dauletova, Gulmira"]
[Result "1/2-1/2"]
[WhiteElo "2337"]
[BlackElo "2252"]
[Annotator "NA"]
[PlyCount "126"]
[EventDate "2019.06.06"]
[EventType "swiss"]
[EventCountry "CHN"]
[SourceTitle "playchess.com"]
[Source "ChessBase"]
[SourceQuality "1"]
[TimeControl "40/5400+30:1800+30"]

1. d4 {[%emt 0:00:00]} Nf6 {[%emt 0:01:00]} 2. Nf3 {[%emt 0:00:00]} d5 {[%emt 0:00:33]} 3. c4 {[%emt 0:00:00]} e6 {[%emt 0:00:21]} 4. Nc3 {[%emt 0:00:03]} Bb4 {[%emt 0:00:17]} 5. Bg5 {[%emt 0:00:26]} h6 {[%emt 0:06:01]} 6. Bxf6 {[%emt 0:00:08]} Qxf6 {[%emt 0:00:03]} 7. e3 {[%emt 0:00:16]} c5 {[%emt 0:03:16]} 8. cxd5 {[%emt 0:01:40]} exd5 {[%emt 0:00:25]} 9. Rc1 {[%emt 0:00:22]} c4 {[%emt 0:21:00]} 10. Be2 {[%emt 0:00:30]} O-O {[%emt 0:00:38]} 11. O-O {[%emt 0:01:15]} Bxc3 {[%emt 0:08:16]} 12. bxc3 {[%emt 0:00:08]} Bf5 {[%emt 0:05:16]} 13. Nd2 {[%emt 0:00:17]} Qe6 {[%emt 0:04:21]} 14. Re1 {[%emt 0:01:05]} Nd7 {[%emt 0:01:48]} 15. e4 {[%emt 0:04:53]} dxe4 {[%emt 0:07:33]} 16. Bxc4 {[%emt 0:01:48]} Qc6 {[%emt 0:00:43]} 17. Qb3 {[%emt 0:15:34]} Nf6 {[%emt 0:00:33]} 18. Nf1 {[%emt 0:00:35]} Rac8 {[%emt 0:05:46]} 19. Ne3 {[%emt 0:00:24]} Bg6 {[%emt 0:00:15]} 20. Bf1 {[%emt 0:11:35]} Qc7 {[%emt 0:04:43]} 21. Rc2 {[%emt 0:06:59]} Rfd8 {[%emt 0:01:27]} 22. Rec1 {[%emt 0:00:27]} Qb8 {[%emt 0:05:07]} 23. Rd2 {[%emt 0:01:56]} Kh7 {[%emt 0:05:24]} 24. Be2 {[%emt 0:00:47]} Rc7 {[%emt 0:03:25]} 25. a4 {[%emt 0:02:06]} Re7 {[%emt 0:00:47]} 26. c4 {[%emt 0:01:08]} Red7 {[%emt 0:00:45]} 27. Qb2 {[%emt 0:01:57]} Qc7 {[%emt 0:00:21]} 28. Qc3 {[%emt 0:01:14]} b6 {[%emt 0:01:47]} 29. a5 {[%emt 0:01:38]} Rd6 {[%emt 0:03:09]} 30. axb6 {[%emt 0:00:15]} axb6 {[%emt 0:00:01]} 31. Qb2 {[%emt 0:02:45]} Qd7 {[%emt 0:00:47]} 32. Rcd1 {[%emt 0:01:10]} Bh5 {[%emt 0:00:14]} 33. Bxh5 {[%emt 0:01:27]} Nxh5 {[%emt 0:00:02]} 34. Qb1 {[%emt 0:01:33]} f5 {[%emt 0:00:38]} 35. g4 {[%emt 0:04:35]} Rg6 {[%emt 0:00:35]} 36. Kh1 {[%emt 0:00:26]} fxg4 {[%emt 0:01:59]} 37. Qxe4 {[%emt 0:02:37]} Nf6 {[%emt 0:00:59]} 38. Qd3 {[%emt 0:01:44]} Qe6 {[%emt 0:02:41]} 39. Ng2 {[%emt 0:05:36]} Qe4 {[%emt 0:00:51]} 40. Re1 {[%emt 0:00:00]} Qxd3 {[%emt 0:00:00]} 41. Rxd3 {[%emt 0:01:28]} Rg5 {[%emt 0:06:21]} 42. d5 {[%emt 0:06:31]} b5 {[%emt 0:09:01]} 43. cxb5 {[%emt 0:01:35]} Rdxd5 {[%emt 0:00:27]} 44. Rxd5 {[%emt 0:00:11]} Nxd5 {[%emt 0:00:23]} 45. Rc1 {[%emt 0:01:30]} Nb6 {[%emt 0:00:54]} 46. Rb1 {[%emt 0:00:26]} Kg8 {[%emt 0:01:39]} 47. Ne3 {[%emt 0:00:15]} h5 {[%emt 0:01:44]} 48. Kg2 {[%emt 0:00:27]} Kf7 {[%emt 0:03:22]} 49. f3 {[%emt 0:07:11]} Re5 {[%emt 0:01:57]} 50. Rb3 {[%emt 0:00:11]} gxf3+ {[%emt 0:01:18]} 51. Kxf3 {[%emt 0:00:05]} g5 {[%emt 0:01:05]} 52. h3 {[%emt 0:00:39]} Ke6 {[%emt 0:01:10]} 53. Rb1 {[%emt 0:02:46]} Kd6 {[%emt 0:00:35]} 54. Rd1+ {[%emt 0:02:42]} Ke6 {[%emt 0:04:25]} 55. Rb1 {[%emt 0:00:15]} Kd6 {[%emt 0:00:09]} 56. Rd1+ {[%emt 0:00:06]} Kc5 {[%emt 0:00:08]} 57. Rc1+ {[%emt 0:00:39]} Kxb5 {[%emt 0:03:21]} 58. Rb1+ {[%emt 0:00:05]} Kc5 {[%emt 0:00:15]} 59. Rxb6 {[%emt 0:00:52]} Rxe3+ {[%emt 0:00:35]} 60. Kxe3 {[%emt 0:00:04]} Kxb6 {[%emt 0:00:03]} 61. Ke4 {[%emt 0:00:09]} Kc5 {[%emt 0:00:43]} 62. Kf5 {[%emt 0:00:07]} g4 {[%emt 0:00:14]} 63. hxg4 {[%emt 0:00:41]} hxg4 {[%emt 0:00:20]} 1/2-1/2

[Event "Asian Continental-ch Women 2019"]
[Site "XingTai"]
[Date "2019.06.08"]
[Round "2.25"]
[White "Karavade, Eesha"]
[Black "Zhang, Xiao"]
[Result "1-0"]
[WhiteElo "2370"]
[BlackElo "2234"]
[Annotator "NA"]
[PlyCount "149"]
[EventDate "2019.06.06"]
[EventType "swiss"]
[EventCountry "CHN"]
[SourceTitle "playchess.com"]
[Source "ChessBase"]
[SourceQuality "1"]
[TimeControl "40/5400+30:1800+30"]

1. e4 {[%emt 0:00:00]} c6 {[%emt 0:00:00]} 2. Nf3 {[%emt 0:00:00]} d5 {[%emt 0:00:04]} 3. Nc3 {[%emt 0:00:06]} Bg4 {[%emt 0:03:30]} 4. Be2 {[%emt 0:00:14]} e6 {[%emt 0:02:28]} 5. d4 {[%emt 0:01:49]} Nf6 {[%emt 0:01:44]} 6. h3 {[%emt 0:00:20]} Bxf3 {[%emt 0:00:54]} 7. Bxf3 {[%emt 0:00:04]} Be7 {[%emt 0:01:14]} 8. O-O {[%emt 0:05:31]} O-O {[%emt 0:00:44]} 9. Re1 {[%emt 0:00:07]} dxe4 {[%emt 0:01:20]} 10. Nxe4 {[%emt 0:03:07]} Nbd7 {[%emt 0:00:08]} 11. c3 {[%emt 0:00:34]} Nxe4 {[%emt 0:00:34]} 12. Bxe4 {[%emt 0:00:04]} Nf6 {[%emt 0:00:05]} 13. Bf3 {[%emt 0:00:07]} Qc7 {[%emt 0:00:22]} 14. g3 {[%emt 0:04:12]} Rfd8 {[%emt 0:03:59]} 15. Qe2 {[%emt 0:07:37]} c5 {[%emt 0:03:31]} 16. Bf4 {[%emt 0:06:33]} Qb6 {[%emt 0:04:17]} 17. dxc5 {[%emt 0:02:08]} Bxc5 {[%emt 0:00:28]} 18. Rad1 {[%emt 0:05:29]} Rac8 {[%emt 0:05:35]} 19. Kg2 {[%emt 0:08:38]} Ne8 {[%emt 0:06:28]} 20. Bg5 {[%emt 0:12:56]} f6 {[%emt 0:03:01]} 21. Bc1 {[%emt 0:03:40]} e5 {[%emt 0:00:37]} 22. Be4 {[%emt 0:01:05]} Bf8 {[%emt 0:17:41]} 23. Qh5 {[%emt 0:03:45]} g6 {[%emt 0:01:26]} 24. Qf3 {[%emt 0:00:14]} Rxd1 {[%emt 0:07:41]} 25. Rxd1 {[%emt 0:00:06]} Nd6 {[%emt 0:00:34]} 26. Bd5+ {[%emt 0:04:33]} Kg7 {[%emt 0:00:10]} 27. h4 {[%emt 0:00:07]} Be7 {[%emt 0:02:28]} 28. h5 {[%emt 0:00:49]} f5 {[%emt 0:06:05]} 29. Rh1 {[%emt 0:12:07]} Qc5 {[%emt 0:07:18]} 30. hxg6 {[%emt 0:04:24]} hxg6 {[%emt 0:00:26]} 31. Be3 {[%emt 0:01:00]} Qb5 {[%emt 0:01:20]} 32. b3 {[%emt 0:04:52]} b6 {[%emt 0:05:10]} 33. c4 {[%emt 0:00:18]} Qd7 {[%emt 0:01:00]} 34. Bh6+ {[%emt 0:02:48]} Kf6 {[%emt 0:00:09]} 35. Bc1 {[%emt 0:00:16]} Rf8 {[%emt 0:11:08]} 36. Qe3 {[%emt 0:01:40]} f4 {[%emt 0:02:24]} 37. gxf4 {[%emt 0:00:32]} Qg4+ {[%emt 0:00:06]} 38. Qg3 {[%emt 0:00:15]} Qxg3+ {[%emt 0:00:06]} 39. fxg3 {[%emt 0:00:16]} exf4 {[%emt 0:00:50]} 40. Bxf4 {[%emt 0:00:00]} Nf5 {[%emt 0:00:00]} 41. g4 {[%emt 0:04:43]} g5 {[%emt 0:01:37]} 42. Bc1 {[%emt 0:03:35]} Nh4+ {[%emt 0:01:18]} 43. Kf2 {[%emt 0:05:39]} Ke5+ {[%emt 0:03:23]} 44. Ke2 {[%emt 0:02:14]} Ng6 {[%emt 0:01:08]} 45. Rh7 {[%emt 0:01:33]} Bc5 {[%emt 0:06:50]} 46. Bxg5 {[%emt 0:06:47]} Rf2+ {[%emt 0:00:19]} 47. Kd3 {[%emt 0:03:10]} Rxa2 {[%emt 0:02:04]} 48. Rf7 {[%emt 0:01:20]} Rf2 {[%emt 0:02:48]} 49. Bf3 {[%emt 0:03:38]} Ke6 {[%emt 0:03:52]} 50. Rf6+ {[%emt 0:00:17]} Ke5 {[%emt 0:00:15]} 51. Rf5+ {[%emt 0:01:44]} Kd6 {[%emt 0:01:20]} 52. Ke4 {[%emt 0:00:51]} Ne7 {[%emt 0:00:47]} 53. Rf6+ {[%emt 0:00:12]} Kd7 {[%emt 0:00:08]} 54. Bd1 {[%emt 0:01:57]} Rg2 {[%emt 0:01:47]} 55. Bf4 {[%emt 0:01:08]} Rg1 {[%emt 0:00:23]} 56. Bf3 {[%emt 0:04:03]} Rb1 {[%emt 0:01:01]} 57. g5 {[%emt 0:00:04]} Rxb3 {[%emt 0:00:33]} 58. Bg4+ {[%emt 0:00:37]} Ke8 {[%emt 0:00:09]} 59. g6 {[%emt 0:00:50]} Ng8 {[%emt 0:01:42]} 60. Rf7 {[%emt 0:01:32]} Be7 {[%emt 0:00:29]} 61. Be6 {[%emt 0:00:41]} Rb1 {[%emt 0:00:56]} 62. g7 {[%emt 0:00:43]} Rg1 {[%emt 0:00:27]} 63. Be5 {[%emt 0:00:35]} Re1+ {[%emt 0:02:25]} 64. Kd5 {[%emt 0:00:08]} Rd1+ {[%emt 0:03:14]} 65. Kc6 {[%emt 0:00:02]} Re1 {[%emt 0:00:42]} 66. Rf5 {[%emt 0:00:07]} Rxe5 {[%emt 0:01:00]} 67. Rxe5 {[%emt 0:00:05]} Bf6 {[%emt 0:00:07]} 68. Re4 {[%emt 0:02:12]} Ne7+ {[%emt 0:00:59]} 69. Kb7 {[%emt 0:00:02]} Bxg7 {[%emt 0:00:11]} 70. Kxa7 {[%emt 0:00:08]} Bd4 {[%emt 0:00:17]} 71. Kb7 {[%emt 0:00:19]} Bc5 {[%emt 0:00:13]} 72. Kc7 {[%emt 0:00:11]} Kf8 {[%emt 0:00:39]} 73. Rg4 {[%emt 0:00:19]} Ke8 {[%emt 0:03:17]} 74. Rg3 {[%emt 0:00:11]} Kf8 {[%emt 0:02:38]} 75. Kd7 {[%emt 0:00:07]} 1-0

[Event "Asian Continental-ch Women 2019"]
[Site "XingTai"]
[Date "2019.06.09"]
[Round "3.18"]
[White "Saduakassova, Dinara"]
[Black "Ren, Xiaoyi"]
[Result "1-0"]
[WhiteElo "2458"]
[BlackElo "2255"]
[Annotator "TA"]
[PlyCount "123"]
[EventDate "2019.06.06"]
[EventType "swiss"]
[EventCountry "CHN"]
[SourceTitle "playchess.com"]
[Source "ChessBase"]
[SourceQuality "1"]

{[%evp 20,123,30,40,45,31,47,52,44,46,127,119,133,31,49,55,50,75,71,69,98,94,98,91,129,126,127,129,139,108,108,104,110,81,97,103,95,104,102,102,102,95,105,112,110,118,117,108,110,102,105,102,127,115,127,127,124,120,134,110,138,143,177,183,321,312,322,307,333,333,339,336,339,339,325,333,441,432,415,375,337,337,5422,1441,3647,2143,2398,870,938,813,620,505,490,479,29978,29978,29976,29979,7126,7126,5550,5543,29981,29982,29988,29987]} 1. Nf3 d5 2. g3 Nf6 3. Bg2 g6 4. d4 Bg7 5. c4 c6 6. Qb3 O-O 7. O-O Nbd7 {[%cal Bb8d7,Bd7b6,Bb6c4][%mdl 32]} 8. Nc3 Nb6 9. cxd5 Nfxd5 10. e4 Nxc3 11. bxc3 Be6 {D74: Fianchetto Grünfeld: Main Line (5 Nf3 0-0 6 cxd5 Nxd5 7 0-0)} 12. Qc2 Nc4 (12... Qc8 13. Rd1 Bh3 14. Bxh3 Qxh3 15. Rb1 Rad8 16. c4 Qg4 17. Kg2 f5 18. e5 f4 19. h3 {1-0 (40) Stupak,K (2556)-Ren,X (2282) Qinhuangdao 2018}) 13. Ng5 Bd7 $146 {White is slightly better.} ({Predecessor:} 13... Bg4 14. h3 Bc8 15. f4 b5 16. a3 Bxd4+ {0-1 (31) Elfving,J (1635)-Satosuo,R (1970) ICCF email 2016}) 14. e5 Rc8 ({Better is} 14... h6 $14 15. e6 hxg5 16. exd7 Qxd7) 15. Qe2 $16 Nb6 16. Ba3 (16. e6 $16 fxe6 17. Nxe6 Bxe6 18. Qxe6+ Kh8 19. Rb1) 16... h6 17. e6 hxg5 18. exd7 Qxd7 19. Qxe7 Qxe7 20. Bxe7 Rfe8 21. Bxg5 Re2 22. Bf3 Rb2 23. Rfb1 Rc2 24. Rc1 Rb2 25. a4 a5 26. Be3 Nd5 27. Rab1 Rxb1 28. Rxb1 Nxe3 29. fxe3 {[%mdl 4096] Endgame KRB-KRB} b5 30. Ra1 Bf8 31. Kf2 b4 32. cxb4 Bxb4 33. Rc1 c5 34. Rc4 Kf8 35. h4 f5 36. g4 Ke7 37. gxf5 gxf5 38. h5 Kd6 39. Kg3 Re8 40. Kf4 cxd4 41. exd4 ({But not} 41. Rxd4+ Ke6 $16) 41... Rf8 (41... Bd2+ $142 42. Kxf5 Rf8+ 43. Kg4 Kd7) 42. Rc6+ $18 Kd7 43. Ra6 Bc3 44. Ke5 Re8+ 45. Kxf5 {[#] And now Bc6+ would win.} Re3 46. Be4 Bxd4 47. Rxa5 {aiming for Rd5+.} Ke7 48. Rd5 Bb2 49. Rb5 Bd4 50. Rb7+ Kf8 $2 (50... Kd6 51. h6 Re1) 51. h6 Rh3 52. h7 Rh6 53. Bc2 (53. Kg5 $142 Be3+ 54. Kg4) 53... Rh2 54. Bb3 Bc3 55. Rc7 Bb2 56. Bc4 {[#] Threatens to win with a5.} Rf2+ (56... Ke8 $18 57. Kf4 Kd8) 57. Ke4 Rh2 58. a5 {[%cal Ba4a5,Ba5a6][%mdl 32]} Rh4+ 59. Kd3 Be5 60. Rc8+ Kg7 61. a6 Bd4 62. h8=Q+ {Accuracy: White = 85%, Black = 45%.} 1-0

[Event "Asian Continental-ch Women 2019"]
[Site "XingTai"]
[Date "2019.06.09"]
[Round "3.19"]
[White "Kulkarni Bhakti"]
[Black "Mahalakshmi, M."]
[Result "1-0"]
[WhiteElo "2380"]
[BlackElo "2245"]
[Annotator "TA"]
[PlyCount "93"]
[EventDate "2019.06.06"]
[EventType "swiss"]
[EventCountry "CHN"]
[SourceTitle "playchess.com"]
[Source "ChessBase"]
[SourceQuality "1"]

{[%evp 13,93,29,104,35,76,48,72,36,73,71,52,56,48,18,60,30,60,60,76,24,38,32,28,28,27,23,29,29,68,17,31,20,74,33,118,120,114,73,83,100,84,89,85,172,172,80,84,58,75,68,179,199,201,193,195,180,285,264,277,329,297,310,490,493,841,715,655,536,1085,1034,1155,637,983,851,29984,29985,29985,29986,29986,29987,29991,29992]} 1. d4 Nf6 2. c4 e6 3. g3 d5 4. Bg2 g6 5. Nf3 Bg7 6. Nc3 O-O 7. O-O b6 (7... Ne4 $11) 8. cxd5 {D77: Fianchetto Grünfeld: 6 0-0: Replies other than 6...c6} (8. Bg5 $16) (8. Ne5 Bb7 9. Bg5 Nbd7 10. cxd5 exd5 11. Nxd5 Bxd5 12. Bxd5 Nxe5 13. Bxa8 Qxa8 14. dxe5 Ne4 15. Bf4 Nc5 16. Be3 Ne6 17. f4 Qe4 18. Qd3 Qb4 19. a3 Qe7 20. Rad1 Rd8 21. Qc4 c5 22. Rd5 {1-0 (22) Gledura,B (2612)-Praggnanandhaa,R (2515) Caleta 2018}) 8... exd5 9. Ne5 Bb7 10. Qb3 {White is better.} Ne4 11. Rd1 $146 ({Predecessor:} 11. Bf4 g5 12. Be3 Nxc3 13. Qxc3 h6 14. f4 f6 15. Ng6 Re8 16. f5 {1-0 (34) Gavrilova,A-Saulyte,E Peniscola 2002}) 11... Nxc3 12. bxc3 Nd7 13. Bf4 Nf6 14. Bg5 h6 15. Bxf6 Bxf6 16. Ng4 (16. f4 $16) 16... Bg7 $11 17. Ne3 {[%cal Re3d5]} c6 18. Rac1 Qe7 19. c4 $36 {[%cal Rc4d5][%mdl 2048] White has the initiative.} dxc4 20. Nxc4 Rac8 21. e3 (21. e4 $14) 21... Rfd8 22. a4 h5 (22... Ba6 $11 {remains equal.}) 23. h4 (23. a5 $5 {[%cal Ra5b6]}) 23... g5 (23... Qe6 $14) 24. hxg5 $16 Qxg5 25. Nd2 Qe7 {[#]} 26. a5 $1 {[%cal Ra5b6][%mdl 512]} h4 {[#]} (26... bxa5 27. Rc5) 27. gxh4 $1 c5 28. Bxb7 Qxb7 {[#]} 29. dxc5 (29. Rxc5 $1 $18 {[%mdl 512] is more deadly. Strongly threatening Rg5.} Rxc5 (29... bxc5 30. Qxb7) 30. dxc5) 29... Qd7 30. Ne4 Qg4+ {[%mdl 64] Double Attack} 31. Ng3 bxc5 (31... Rxd1+ $1 $14 32. Qxd1 Qxd1+ 33. Rxd1 bxc5) 32. Rxd8+ $18 Rxd8 33. Rxc5 Qxh4 34. Kg2 Qf6 (34... Qe7 $142 35. Qc4 Be5) 35. Qb7 a6 36. Rc6 Rd6 37. Rb6 Qe5 (37... Qd8 {keeps fighting.} 38. Qxa6 (38. Rxa6 Rxa6 39. Qxa6 Bc3 $16) 38... Rd5) 38. Qxa6 ({Less strong is} 38. Qc8+ Bf8 $18) 38... Rd2 (38... Rd8 $142 39. Rb5 Qe7) 39. Qa8+ Bf8 40. a6 {[%cal Ba5a6,Ba6a7][%mdl 32]} Qxe3 41. Rf6 Qd4 42. Rf3 {And now Ne4 would win.} Qd5 43. Qc8 {aiming for Qg4+.} Rd4 44. a7 {White mates.} Ra4 {[#]} 45. Nh5 $1 {[%mdl 576] Clearance} Qxh5 46. Rg3+ Kh7 47. Qc2+ {[%mdl 64] Double Attack. Accuracy: White = 51%, Black = 35%.} 1-0

[Event "Asian Continental-ch Women 2019"]
[Site "XingTai"]
[Date "2019.06.09"]
[Round "3.20"]
[White "Li, Yunshan"]
[Black "Sukandar, Irine Kharisma"]
[Result "0-1"]
[WhiteElo "2264"]
[BlackElo "2378"]
[Annotator "TA"]
[PlyCount "78"]
[EventDate "2019.06.06"]
[EventType "swiss"]
[EventCountry "CHN"]
[SourceTitle "playchess.com"]
[Source "ChessBase"]
[SourceQuality "1"]

{[%evp 13,78,0,-8,-2,6,0,33,21,28,0,0,-1,0,-5,-2,-3,15,-4,0,-8,6,-35,-40,-104,-97,-97,-104,-95,-85,-83,-73,-66,-31,-106,-98,-102,-56,-126,-125,-109,-110,-129,-115,-128,-147,-145,-143,-145,-150,-243,-243,-319,-129,-316,-304,-1627,-1624,-1435,-1566,-1410,-1606,-1535,-1382,-1068,-793,-1993,-1698]} 1. d4 Nf6 2. c4 e6 3. Nc3 Bb4 4. Nf3 O-O 5. e3 d5 6. Bd2 b6 7. cxd5 exd5 8. Rc1 {E51: Nimzo-Indian: Rubinstein: 4...0-0 5 Nf3 d5} Re8 (8... Bb7 9. Bd3 Be7 10. O-O c5 11. dxc5 bxc5 12. Na4 Nbd7 13. Bc3 Ne4 14. Bxe4 dxe4 15. Ne5 Nxe5 16. Bxe5 Qxd1 17. Rfxd1 {½-½ (30) Wang,Y (2690)-Cheparinov,I (2702) China 2018}) 9. Bd3 Ba6 10. Bxa6 {White is slightly better.} Nxa6 11. Qa4 Qc8 12. O-O Qb7 $146 ({Predecessor:} 12... Bf8 13. a3 c5 14. dxc5 bxc5 15. b3 Qb7 {0-1 (50) Dragnev,V (2509)-Korchmar,V (2415) Riga 2018}) 13. Ne5 c5 14. Qc6 Rab8 15. a3 Bxc3 16. Bxc3 c4 17. a4 Ne4 18. f3 (18. g3 $15) 18... Nxc3 $17 19. Rxc3 f6 20. Qxb7 Rxb7 21. Ng4 Nb4 22. Nf2 a6 23. e4 ({White should play} 23. Rb1 $15) 23... Rd8 24. Rd1 Rbd7 25. exd5 (25. e5 $15) 25... Nxd5 26. Rcc1 b5 27. Ne4 Nf4 {Hoping for ...Ne2+.} 28. Rc2 Rxd4 29. Rxd4 Rxd4 30. axb5 axb5 {[%cal Ba6b5,Bb5b4,Bb4b3][%mdl 4128] Endgame KRN-KRN} 31. Nc3 (31. g3 $17 Nd3 32. Nc3) 31... b4 $19 32. Nb5 Rd1+ 33. Kf2 {[#]} c3 $1 {[%mdl 512]} 34. Ke3 $2 (34. Nxc3 bxc3 35. bxc3) (34. bxc3 b3) 34... b3 {Black is clearly winning.} 35. Rxc3 Nd5+ {[%mdl 64] Double Attack} 36. Ke2 Nxc3+ 37. Nxc3 Rg1 38. Kf2 Rc1 {And now ...Rxc3! would win.} 39. Na4 Rc4 {Accuracy: White = 40%, Black = 69%.} 0-1

[Event "Asian Continental-ch Women 2019"]
[Site "XingTai"]
[Date "2019.06.09"]
[Round "3.21"]
[White "Munkhzul, Turmunkh"]
[Black "Vo, Thi Kim Phung"]
[Result "1/2-1/2"]
[WhiteElo "2371"]
[BlackElo "2337"]
[Annotator "TA"]
[PlyCount "75"]
[EventDate "2019.06.06"]
[EventType "swiss"]
[EventCountry "CHN"]
[SourceTitle "playchess.com"]
[Source "ChessBase"]
[SourceQuality "1"]

{[%evp 16,75,-10,-10,-10,-21,24,6,23,0,8,-12,-5,-6,-5,-44,0,0,0,0,0,-14,-28,-27,-8,-21,0,-33,0,-30,18,0,0,-46,-29,-47,-28,-30,0,0,16,21,31,-43,32,0,0,0,0,0,0,0,10,0,0,0,0,0,18,0,0,0]} 1. e4 e6 2. d3 d5 3. Qe2 Nf6 4. Nf3 c5 5. g3 Nc6 6. Bg2 Be7 7. O-O O-O 8. e5 Nd7 9. c4 d4 {C00: French: Unusual White 2nd moves} 10. Re1 h6 (10... Rb8 11. h4 b5 12. cxb5 Rxb5 13. Na3 Rb8 14. Nc4 Nb6 15. b3 Nxc4 16. bxc4 Rb6 17. Ng5 {1-0 (32) Carlsen,M (2837)-Ding,L (2774) Saint Louis 2017}) 11. h4 a6 12. Nbd2 $146 {[%cal Bb1d2,Bd2f1,Bf1h2,Bh2g4][%mdl 32]} ({Predecessor:} 12. b3 Rb8 13. Nbd2 Qc7 14. Nf1 Re8 15. N1h2 Bf8 16. h5 b5 17. Ng4 Ne7 18. Nd2 {1-0 (43) Fedorov,A (2603)-Ajrapetian,G (2368) Voronezh 2008}) 12... Qc7 13. Nf1 b5 14. b3 Bb7 15. h5 Nb6 16. N1h2 bxc4 17. bxc4 Na4 18. Qc2 Nc3 19. a3 Bd8 20. Bd2 Qe7 21. Ng4 Rb8 22. Rf1 (22. Bxh6 $5 gxh6 23. Qc1 $15) 22... Ba5 23. Rfe1 {Threatens to win with Qc1.} Bd8 24. Kh2 Na5 25. Bxc3 dxc3 26. Reb1 Nc6 27. Qxc3 Ba5 28. Qc1 Rfd8 29. Rb3 (29. Ra2 $14) 29... Ba8 ({Black should play} 29... Bc7 $1 $15 30. Qc2 Na5) 30. Rab1 Rbc8 {The position is equal.} 31. Qe3 Rd7 32. Nd2 Bxd2 $1 33. Qxd2 Rcd8 34. Qe3 Nd4 35. Rb8 Nf5 36. Qe2 Nd4 37. Qe3 Nf5 38. Qe2 {Accuracy: White = 49%, Black = 56%.} 1/2-1/2

[Event "Asian Continental-ch Women 2019"]
[Site "XingTai"]
[Date "2019.06.09"]
[Round "3.22"]
[White "Kurbonboeva, Sarvinoz"]
[Black "Karavade, Eesha"]
[Result "1/2-1/2"]
[WhiteElo "2259"]
[BlackElo "2370"]
[Annotator "TA"]
[PlyCount "61"]
[EventDate "2019.06.06"]
[EventType "swiss"]
[EventCountry "CHN"]
[SourceTitle "playchess.com"]
[Source "ChessBase"]
[SourceQuality "1"]

{[%evp 14,61,30,16,19,18,18,0,0,0,16,20,14,0,0,0,0,-12,-7,-29,-24,-39,-39,-39,-31,-39,-39,-39,-22,-40,-40,-40,-40,-25,-18,-20,-6,-6,-6,0,0,0,0,0,0,0,0,0,0,0]} 1. d4 Nf6 2. c4 e6 3. Nf3 ({Predecessor:} 3. g3 d5 {0-1 (30) Khokhlova,D (2237)-Kashlinskaya,A (2438) Sochi 2017}) 3... d5 4. g3 dxc4 5. Bg2 Bd7 6. Ne5 Bc6 7. Nxc6 Nxc6 8. O-O Qd7 {E04: Open Catalan: 5 Nf3} 9. e3 Rd8 10. Qa4 $146 (10. Qe2 e5 11. Nc3 Be7 12. d5 Nb4 13. e4 Nd3 14. Be3 b5 15. a4 a6 16. axb5 axb5 {1-0 (47) Firouzja,A (2607)-Grachev,B (2626) St Petersburg 2018}) 10... Nb4 $1 11. Qxd7+ Rxd7 12. Na3 c5 13. dxc5 Bxc5 14. Nxc4 Nd3 15. Bd2 Nxb2 16. Nxb2 {[#] And now Bc3 would win.} Rxd2 17. Na4 Ba3 18. Bxb7 O-O 19. Rfd1 Rfd8 20. Bf3 g5 21. h3 h5 22. g4 hxg4 23. hxg4 Kg7 24. Rab1 {The position is equal.} Rxd1+ 25. Rxd1 Rxd1+ 26. Bxd1 $11 {KBN-KBN} Ne4 27. Bc2 Nd6 28. Nc3 Kf6 29. Ne4+ Nxe4 30. Bxe4 Ke5 31. Bc2 {Accuracy: White = 66%, Black = 74%.} 1/2-1/2

[Event "Asian Continental-ch Women 2019"]
[Site "XingTai"]
[Date "2019.06.09"]
[Round "3.23"]
[White "Dauletova, Gulmira"]
[Black "Zhai, Mo"]
[Result "0-1"]
[WhiteElo "2252"]
[BlackElo "2358"]
[Annotator "TA"]
[PlyCount "94"]
[EventDate "2019.06.06"]
[EventType "swiss"]
[EventCountry "CHN"]
[SourceTitle "playchess.com"]
[Source "ChessBase"]
[SourceQuality "1"]

{[%evp 12,94,18,20,32,13,18,22,20,12,23,19,18,4,0,0,0,0,36,31,29,45,13,0,44,0,0,-74,-13,-21,-22,-35,-8,-43,-51,-133,-140,-148,-62,-65,-62,-72,0,0,0,0,0,0,0,0,0,-16,-14,-29,-28,-95,-5,-6,0,0,0,0,0,0,0,0,0,0,0,0,0,0,0,-1854,-1151,-2566,0,-29982,-29983,-29983,-29984,-29984,-29985,-29985,-29986]} 1. e4 e5 2. Nf3 Nc6 3. Bb5 Nf6 4. d3 Bc5 5. O-O d6 6. c3 O-O 7. Nbd2 Bd7 {C65: Ruy Lopez: Berlin Defence (3...Nf6), unusual lines and 4 0-0 Bc5} (7... a6 8. Bxc6 bxc6 9. d4 exd4 10. cxd4 Bb6 11. Qc2 Re8 12. Re1 c5 13. d5 Bg4 14. b3 Ba5 15. Re3 {½-½ (37) Vitiugov,N (2730)-Jakovenko,D (2748) Satka 2018}) 8. Ba4 a5 9. h3 Re8 $146 {The position is equal.} ({Predecessor:} 9... Ne7 10. Bc2 Ng6 11. Re1 Re8 12. Nc4 a4 13. Be3 Bxe3 14. Nxe3 {½-½ (55) Kurmann,O (2456)-Bird,A (2223) Caleta 2013}) 10. Re1 Qb8 11. Nf1 b5 12. Bc2 Qa7 13. Be3 Bxe3 14. Nxe3 b4 15. Nd5 Nxd5 16. exd5 Ne7 17. d4 f6 18. Nh4 bxc3 19. dxe5 (19. bxc3 $11 {remains equal.} g6 20. Qd2) 19... fxe5 (19... cxb2 $17 20. Rb1 fxe5 21. Rxb2 Rf8) 20. bxc3 $11 Rf8 $36 {[%mdl 2048] Black has good play.} 21. Re3 Rf6 22. Qd3 g6 23. Rf1 (23. Rf3 $15 Raf8 24. Qd2) 23... Qc5 $17 {[#] Strongly threatening ...Bb5.} 24. c4 Raf8 (24... Rf4 $17 25. Re4 Rxe4 26. Qxe4 Rf8) 25. Qe2 $15 Rf4 26. Re4 Nxd5 (26... Kg7 $17 27. Bd3 R4f6) 27. cxd5 $11 Bb5 28. Bd3 Bxd3 29. Qxd3 Rxe4 $1 30. Qxe4 Rf4 31. Qe3 {Hoping for Qxc5.} Rxh4 32. Qxc5 dxc5 {[%mdl 4096] Endgame KR-KR} 33. Re1 (33. Rc1 $11) 33... c4 ({Black should try} 33... Ra4 $17 {White should prevent ...Kf8.} 34. Rxe5 Rxa2) 34. Rxe5 c3 {aiming for ...c2.} 35. Re2 Kf7 36. Rc2 Rc4 {White must now prevent ...Kf6.} 37. Kf1 Kf6 {And now ...Ke5 would win.} 38. Ke2 Ke5 {...Kd4 is the strong threat.} 39. Kd3 Kxd5 40. Rxc3 Rxc3+ 41. Kxc3 {KP-KP} g5 42. Kd3 $2 {[%mdl 8192]} (42. f3 $11) 42... h5 $19 43. g3 h4 $2 (43... c5 $19 44. a4 c4+ 45. Ke3 Ke5) 44. a4 $2 {[%mdl 8192] [#]} (44. gxh4 $11 gxh4 45. a4) 44... g4 $1 {[%mdl 512] Black mates.} 45. Ke2 (45. hxg4 h3) 45... hxg3 46. fxg3 gxh3 47. Kf2 c5 {Accuracy: White = 47%, Black = 56%.} 0-1